Novak Djokovic - Route to the 2012 Australian Open Trophy - Statistics

General Stats
  • This quiz has been taken 14 times
  • The average score is 4 of 7
Answer Stats
Round Result Country Answer % Correct
SF 3:2 (6:3,3:6,6:7,6:1,7:5) United Kingdom Andy Murray
100%
F 3:2 (5:7,6:4,6:2,6:7,7:5) Spain Rafael Nadal
100%
QF 3:0 (6:4,7:6,6:1) Spain David Ferrer
85%
R16 3:1 (6:1,6:3,4:6,6:3) Australia Lleyton Hewitt
62%
R32 3:0 (6:0,6:1,6:1) France Nicolas Mahut
15%
R128 3:0 (6:2,6:0,6:0) Italy Paolo Lorenzi
15%
R64 3:0 (6:3,6:2,6:1) Colombia Santiago Giraldo
15%
No matching quizzes found
Score Distribution
Percent of People with Each Score
Percentile by Number Answered
Your Score History
You have not taken this quiz